000 01233cam a22003254a 4500
001 11878725
003 OSt
005 20180427172614.0
008 000103s2000 enkab b 001 0 eng
010 _a 00020409
020 _a0312233027 (Inside North America)
020 _a0333802624 (Outside North America : hardcover)
020 _a0333802632 (Outside North America : pbk.)
040 _aDLC
_cDLC
_dDLC
042 _apcc
082 0 0 _a331.1
_221
_bSCH 2000
100 1 _aSchwartz, Herman M.,
_d1958-
_912187
245 1 0 _aStates Versus Markets: the emergence of a global economy
250 _a2nd ed.
260 _aNew York :
_bPalgrave,
_c2000.
300 _axiii, 347 p. :
_bill., map ;
_c24 cm.
504 _aIncludes bibliographical references (p. 319-336) and index.
650 0 _aMarket economy
_91023
650 0 0 _aConomic policies
_912189
856 4 2 _3Contributor biographical information
_uhttp://www.loc.gov/catdir/bios/hol057/00020409.html
856 4 2 _3Publisher description
_uhttp://www.loc.gov/catdir/description/hol051/00020409.html
856 4 1 _3Table of contents
_uhttp://www.loc.gov/catdir/toc/hol051/00020409.html
906 _a7
_bcbc
_corignew
_d1
_eocip
_f19
_gy-gencatlg
942 _2ddc
_cO_SHELF
999 _c5857
_d5857